Loading...
| Religion | 0 | 6 | 4 | 0 | 40 | 17 | 62.50 | 1 | 4 | 0.00 | 0.00 |
| Mythology | 0 | 4 | 0 | 1 | 40 | 14 | 77.75 | 1 | 2 | 0.00 | 0.00 |
| Philosophy | 0 | 5 | 2 | 0 | 40 | 68 | 78.00 | 1 | 2 | 0.00 | 0.00 |
| Literature - British | 0 | 3 | 0 | 1 | 30 | 90 | 116.00 | 0 | 1 | 0.00 | 0.00 |
| Fine Arts - Other | 0 | 3 | 1 | 1 | 25 | 42 | 96.67 | 1 | 2 | 0.00 | 0.00 |
| History - European | 0 | 4 | 3 | 1 | 25 | 71 | 99.00 | 1 | 1 | 0.00 | 0.00 |
| Social Science | 0 | 2 | 0 | 0 | 20 | 52 | 63.00 | 1 | 1 | 0.00 | 0.00 |
| Geography | 0 | 2 | 0 | 0 | 20 | 54 | 64.00 | 0 | 2 | 0.00 | 0.00 |
| History - Other | 0 | 2 | 0 | 0 | 20 | 52 | 70.50 | 1 | 1 | 0.00 | 0.00 |
| Literature - European | 0 | 2 | 0 | 0 | 20 | 116 | 127.50 | 0 | 0 | 0.00 | 0.00 |
| Current Events | 0 | 2 | 0 | 0 | 20 | 41 | 61.50 | 0 | 1 | 0.00 | 0.00 |
| Fine Arts - Painting and Sculpture | 0 | 2 | 1 | 0 | 15 | 79 | 101.50 | 1 | 1 | 0.00 | 0.00 |
| Popular Culture | 0 | 1 | 0 | 0 | 10 | 74 | 74.00 | 0 | 0 | 0.00 | 0.00 |
| Science - Biology | 0 | 1 | 0 | 0 | 10 | 97 | 97.00 | 0 | 0 | 0.00 | 0.00 |
| Literature - World | 0 | 1 | 1 | 0 | 5 | 144 | 144.00 | 0 | 0 | 0.00 | 0.00 |
| History - American | 0 | 1 | 2 | 1 | 0 | 131 | 131.00 | 0 | 0 | 0.00 | 0.00 |
| History - World | 0 | 1 | 3 | 0 | -5 | 71 | 71.00 | 0 | 1 | 0.00 | 0.00 |
| Literature - American | 0 | 0 | 1 | 0 | -5 | 0.00 | 0 | 0 | 0.00 | 0.00 |